000 00733nam a2200253 i 4500
001 C2-0218072
003 PPAK
005 20180728110548.0
008 990719s1989 my a|||| ||||| | may d
022 _a0127-1857
040 _aPPAK
_beng
_cPPAK
_erda
082 0 4 _a959.5005
_2 23
090 0 0 _a959.5005
_bPUR
_dKK
090 0 0 _a959.5005
_bPUR
_dKMI
245 0 0 _aPurba:
_bJurnal Persatuan Muzium Malaysia
264 1 _aKuala Lumpur :
_bPersatuan Muzium Malaysia ,
_c1989
300 _aviii, 114 pages :
_billustrations ;
_c25 cm
336 _2rdacontent
_atext
337 _2rdamedia
_aunmediated
338 _2rdacarrier
_avolume
500 _aBil. 8, 1989
650 1 0 _aMalaysia - History - Periodicals.
942 _ddc
_cB
999 _c161111
_d161111